000 01210nam a2200301 c 4500
003 BLK
005 20180420222720.0
008 180408b bul|||||r ||||||| ||bul||
010 _aKNG00061811000
040 _aBLK
041 _aBUL
_cBUL
080 _aВредители на растенията. Болести. Защита
_b632
_x(075.8)
_z632(075.8)
100 1 _aХристов, Александър
_eпърви автор
_9287730
139 _aХристов, Александър
_bХ 78
245 1 0 _aСпециална фитопатология
_bБолести по културните растения в България : Учебник за студентите от СА Г. Димитров
_cАлександър Христов.
250 _a4. прераб. и доп. изд
257 _aBGR
260 София
_bЗемиздат
_c1976
300 _a464 с.
_c25 см
380 _a63
650 4 _aФитопатология, селскостопанска - учебници за ВУЗ
_9175864
653 _aфитопатология
852 _aЦб 80534
856 4 _qpdf
_u
856 4 _qpdf
_u
942 _cKNG
_n0
944 _aCR
_c13.06.2004
_kЧиталня
944 _aED
_c14.10.2015
_k
999 _c57801
_d57801